[Event "Jersey op"]
[Site "St Helier"]
[Date "2002.03.02"]
[Round "7"]
[White "Frost, Nicholas"]
[Black "Goater, Ken"]
[Result "1-0"]
[WhiteElo "2112"]
[BlackElo "2188"]
[PlyCount "49"]
[EventDate "2002.02.24"]
[EventType "swiss"]
[EventRounds "7"]
[EventCountry "JCI"]
[SourceTitle "CBM 086 Extra"]
[Source "ChessBase"]
[SourceDate "2002.03.14"]
[SourceVersion "1"]
[SourceVersionDate "2002.03.14"]
[SourceQuality "1"]

1. e4 e5 2. Nf3 d6 3. d4 exd4 4. Nxd4 g6 5. Be3 Bg7 6. Bc4 Nf6 7. f3 0-0 8. Nc3 Nc6 9. Qd2 a6 10. h4 Ne5 11. Be2 h5 12. Bg5 c5 13. Nb3 b5 14. 0-0-0 Nc4 15. Bxc4 bxc4 16. Nxc5 Qa5 17. Qxd6 Ne8 18. Qd5 Nc7 19. Qxc4 Ne6 20. Nb3 Qb6 21. Nd5 Qa7 22. Bf6 Bh6+ 23. Kb1 a5 24. Bd4 Nxd4 25. Qxd4 1-0